[Event "Ste Foy Fischer"]
[Site "Ste Foy"]
[Date "2017.10.14"]
[Round "1"]
[White "Bissonnette, Mathieu"]
[Black "Desbiens, Raphael"]
[Result "0-1"]
[WhiteElo "1569"]
[BlackElo "1940"]
[PlyCount "88"]
[EventDate "2017.10.14"]
[EventType "swiss"]
[EventRounds "5"]
[EventCountry "CAN"]
[SourceTitle "EXT 2022"]
[Source "ChessBase"]
[SourceDate "2021.10.06"]
[SourceVersion "1"]
[SourceVersionDate "2021.10.06"]
[SourceQuality "1"]

1. e4 e5 2. f4 exf4 3. Nf3 g5 4. Bc4 g4 5. 0-0 gxf3 6. Qxf3 Qf6 7. d3 d5 8. exd5 Bd6 9. Nc3 Qf5 10. Bd2 Nf6 11. Rae1+ Kf8 12. Nb5 Qh5 13. Bxf4 Qxf3 14. Bxd6+ cxd6 15. Rxf3 Nbd7 16. Nxd6 h5 17. Rfe3 Nb6 18. Re7 Rh7 19. Nxc8 Rxc8 20. d6 Nfd7 21. Rf1 Nxc4 22. dxc4 Rd8 23. b4 b6 24. a4 Kg8 25. Rfe1 f6 26. Re8+ Rxe8 27. Rxe8+ Kf7 28. Re7+ Kg6 29. Rxh7 Kxh7 30. a5 Kg7 31. axb6 axb6 32. Kf2 Kf7 33. Kg3 Kg6 34. Kf4 f5 35. c5 bxc5 36. bxc5 Nxc5 37. Ke5 h4 38. Kd5 Ne4 39. d7 Nf6+ 40. Ke6 Nxd7 41. Kxd7 f4 42. c4 h3 43. c5 hxg2 44. c6 g1Q 0-1